00442nam a2200157Ia 4500003000900000008004100009040001600050080001500066100001900081245004300100260004800143300001500191650004100206650001400247650002300261IN-BaIIA211028s9999 xx 000 0 eng d cIIA Library a524.8bSCH aSchrodinger, E 0aExpanding universescErwin Schrodinger aCambridgebCambridge University Pressc1956 aviii, 93p. aAstronomy and astrophysics thesaurus aCosmology aExpanding universe